| 000 | 01546cam a2200325 i 4500 | ||
|---|---|---|---|
| 003 | SA-RiAUC | ||
| 005 | 20250127080351.0 | ||
| 008 | 250125s1997 mr b g b f00000cara c | ||
| 020 | _a9981825816 | ||
| 040 |
_aSA-RiAUC _bara _cSA-RiAUC _erda |
||
| 043 | _af-mr--- | ||
| 082 | 0 | 4 |
_a922.1 _qSA-RiAUC |
| 090 |
_a922.1 _bا ب ن ع |
||
| 100 | 1 |
_aابن عيشون، محمد بن محمد بن محمد، _d1035-1109 هجري _eمؤلف. |
|
| 245 | 1 | 2 |
_aالروض العطر الأنفاس بأخبار الصالحين من أهل فاس / _cأبو عبد الله محمد بن عيشون الشراط ؛ دراسة وتحقيق زهراء النظام. |
| 250 | _aالطبعة الأولى. | ||
| 264 | 1 |
_aالرباط : _bكلية الآداب والعلوم الإنسانية، _c1997 |
|
| 300 |
_a425، [5] صفحة : _bخريطة مطوية ؛ _c24 سم. |
||
| 336 |
_aنص _btxt _2rdacontent _3كتاب |
||
| 337 |
_aبدون وسيط _bn _2rdamedia |
||
| 338 |
_aمجلد _bnc _2rdacarrier |
||
| 490 | 0 |
_aرسائل وأطروحات؛ _v35 |
|
| 504 | _aببليوجرافية : صفحة 365-374. | ||
| 651 | 7 |
_aالمغرب _xتاريخ _2aucsh |
|
| 651 | 7 |
_aفاس (المغرب) _vتراجم _2aucsh |
|
| 700 | 1 |
_aالنظام، زهراء _eمحقق. |
|
| 700 | 1 | 2 |
_iتحقيق لـ (عمل) : _aبن عيشون، محمد بن محمد بن محمد، _d1035-1109 هجري. _tالروض العطر الأنفاس بأخبار الصالحين من أهل فاس |
| 942 |
_2ddc _cBOOK _n0 |
||
| 949 |
_aSA-JeALM _d250125 _uosman123 _n1 |
||
| 999 |
_c5299 _d5299 |
||